000 01800nam a22002897a 4500
001 1716
003 FISKH
005 20250904083039.0
008 230919b cb ||||| |||| 00| 0 khr d
020 _a9789924340355
040 _aFISKH
_beng
_cFISKH
_dFISKH
082 _a597.95
100 _aSreynouch, Sorn
245 _aកូនបង្កួយតូច /
_cនិពន្ធ និងគូររូបដោយ សន ស្រីនុច
250 _aបោះពុម្ពលើកទី ៣ មេសា ២០២២
260 _aPhnom Penh :
_bSipar,
_c2022.
300 _a31 pages :
_bcolor illustrations ;
_c23 × 28 cm
505 _aJ
520 _aកូនបង្កួយចង់ស្គាល់ពិភពលោកខាងក្រៅតែម្ដាយមិនឳ្យចេញពីផ្ទះទេ ព្រោះយល់ថា កូននៅតូចពេក។ ថ្ងៃមួយ ពេលម្ដាយមិននៅខ្យល់បកបណ្ដាលឳ្យទ្វាររបើកបន្តិច វាក៏បានលួចចេញទៅក្រៅដោយមិនឳ្យម្ដាយរបស់វាដឹងទេ។
520 _aThe child wants to know the outside world, but the mother does not leave the house because she understands that the child is too young. One day, when the mother was not in the wind, the door opened a little, and she snuck out without her mother knowing.
521 8 _a500
_bLexile estimate
521 8 _aJ
_bRaz-Plus
650 _aសត្វព្រៃ
_vពិភពខាងក្រៅ
_xបង្កួយ
_yសត្វ
651 _aOut side world
_vLizard
_xAnimal
_yWild life
700 _aSreynouch, Sorn
_eillustrator
942 _2ddc
_cKHB
_n0
999 _c1716
_d1716